000 00314nam a22001337a 4500
008 171004b xxu||||| |||| 00| 0 eng d
020 _a0822018071
041 _aeng
080 _a159.9
100 _a48
101 _aPSI
245 _aSPEECH AND HEARING PROBLEMS IN THE CLASSROOM
_cPHILIPS,P.P
942 _2udc
_cBK
999 _c31683
_d31683